00414nam a2200157Ia 4500003000400000005001700004008004100021040000700062041000800069082001900077100002500096245007800121260002900199365001300228650001500241OSt20230605105348.0210423s2000 xx 000 0 und d cAL aeng a158.3 BAYC223 aBAYNE (Rowan);others aCounselling and communication skills for medical and health practetioners bUniversities Pressc2000 b275cINR aCounseling